00413nam a2200145Ia 4500008004100000020001800041041000800059082001600067100001400083245004800097250000600145260005100151300001800202650004700220210716s2009 xx 000 0 und d a9788120329638 aeng a332.64 KEVS aKevin, S. aSecurity analysis and portfolio management. a2 aNew DelhibPHI Learning private limited.c2009 axvi,344/ 2016 aInvestment Analysis & Portfolio Management